[Event "GER Pfingstopen U16"]
[Site "Playchess.com INT"]
[Date "2020.06.05"]
[Round "2"]
[White "Popovici, Daniel"]
[Black "Bashylina, Luisa"]
[Result "0-1"]
[WhiteElo "1569"]
[BlackElo "1967"]
[PlyCount "32"]
[EventDate "2020.06.05"]
[EventType "swiss (blitz)"]
[EventRounds "11"]
[EventCountry "GER"]
[SourceTitle "CBM 197 Extra"]
[Source "ChessBase"]
[SourceDate "2020.09.30"]
[SourceVersion "1"]
[SourceVersionDate "2020.09.30"]
[SourceQuality "1"]

1. e4 c5 2. Nf3 a6 3. d4 cxd4 4. Nxd4 Nf6 5. Nc3 e5 6. Nf3 Bb4 7. a3 Bxc3+ 8. bxc3 Nxe4 9. Qd3 d5 10. Nxe5 0-0 11. Nf3 Re8 12. Be2 Bd7 13. 0-0 Bb5 14. c4 Bxc4 15. Qd1 Nc3 16. Qd4 Nxe2+ 0-1

[Event "GER Pfingstopen U16"]
[Site "Playchess.com INT"]
[Date "2020.06.05"]
[Round "5"]
[White "Popovici, Daniel"]
[Black "Reich, Jason Christian"]
[Result "0-1"]
[WhiteElo "1569"]
[BlackElo "1444"]
[PlyCount "78"]
[EventDate "2020.06.05"]
[EventType "swiss (blitz)"]
[EventRounds "11"]
[EventCountry "GER"]
[SourceTitle "CBM 197 Extra"]
[Source "ChessBase"]
[SourceDate "2020.09.30"]
[SourceVersion "1"]
[SourceVersionDate "2020.09.30"]
[SourceQuality "1"]

1. e4 e5 2. Nf3 Nc6 3. Bc4 Bc5 4. c3 d6 5. d4 exd4 6. cxd4 Bb6 7. Nc3 Nge7 8. Be3 0-0 9. 0-0 Bg4 10. Re1 Bxf3 11. Qxf3 Bxd4 12. Bxd4 Nxd4 13. Qd3 Ndc6 14. Rad1 Ne5 15. Qe2 Nxc4 16. Qxc4 Nc6 17. e5 Qd7 18. exd6 cxd6 19. Ne4 Rad8 20. Nxd6 Qc7 21. Ne4 Qa5 22. a3 Rfe8 23. Nc3 Qh5 24. Rxd8 Rxd8 25. Qb3 Rb8 26. Qc4 Qf5 27. h3 Qd7 28. Qf4 h6 29. Rd1 Qe7 30. Rd6 Re8 31. Rd1 Qc5 32. Qg3 Qb6 33. Nd5 Qxb2 34. Qg4 Kh8 35. Qg3 Qc2 36. Qf3 Qc4 37. Ne3 Qe6 38. Re1 Qb3 39. Qg3 Nd4 0-1

[Event "GER Pfingstopen U16"]
[Site "Playchess.com INT"]
[Date "2020.06.05"]
[Round "6"]
[White "Popovici, Daniel"]
[Black "Wilmink, Luca"]
[Result "0-1"]
[WhiteElo "1569"]
[BlackElo "1429"]
[PlyCount "94"]
[EventDate "2020.06.05"]
[EventType "swiss (blitz)"]
[EventRounds "11"]
[EventCountry "GER"]
[SourceTitle "CBM 197 Extra"]
[Source "ChessBase"]
[SourceDate "2020.09.30"]
[SourceVersion "1"]
[SourceVersionDate "2020.09.30"]
[SourceQuality "1"]

1. e4 c5 2. Nf3 Nc6 3. d4 cxd4 4. Nxd4 g6 5. Nc3 Bg7 6. Be3 Nf6 7. Bc4 0-0 8. h3 e6 9. Qd2 Re8 10. Nf3 d5 11. exd5 Nxd5 12. Bxd5 Bxc3 13. Qxc3 Qxd5 14. Rd1 Qf5 15. 0-0 a6 16. a3 Na7 17. a4 b5 18. axb5 Nxb5 19. Qb3 Bb7 20. Bb6 Rac8 21. c4 Nc7 22. Bd4 Ba8 23. Qc3 f6 24. Bxf6 Rf8 25. Bh8 Rf7 26. Nh2 Qg5 27. f3 Rcf8 28. Be5 Ne8 29. Rd8 Bc6 30. Rc8 Bd7 31. Rc5 Qh6 32. Bd6 Nxd6 33. Qd4 Nf5 34. Qf2 Qf4 35. Ng4 Ng3 36. Ne5 Nxf1 37. Nxf7 Rxf7 38. Qxf1 Qd4+ 39. Qf2 Qxf2+ 40. Kxf2 Ba4 41. Rc8+ Kg7 42. Ra8 Rb7 43. Rxa6 Bb3 44. c5 Bd5 45. c6 Rxb2+ 46. Kg3 Rc2 47. c7 Rxc7 0-1

[Event "GER Pfingstopen U16"]
[Site "Playchess.com INT"]
[Date "2020.06.05"]
[Round "9"]
[White "Stepanjan, Marianne"]
[Black "Popovici, Daniel"]
[Result "0-1"]
[WhiteElo "1407"]
[BlackElo "1569"]
[PlyCount "68"]
[EventDate "2020.06.05"]
[EventType "swiss (blitz)"]
[EventRounds "11"]
[EventCountry "GER"]
[SourceTitle "CBM 197 Extra"]
[Source "ChessBase"]
[SourceDate "2020.09.30"]
[SourceVersion "1"]
[SourceVersionDate "2020.09.30"]
[SourceQuality "1"]

1. e4 c5 2. Nf3 d6 3. d4 cxd4 4. Nxd4 Nf6 5. Nc3 a6 6. Bc4 e6 7. Bb3 Be7 8. 0-0 0-0 9. Bg5 Nbd7 10. f4 h6 11. Bh4 b5 12. a3 Bb7 13. Re1 Qc7 14. Qe2 Rac8 15. e5 dxe5 16. fxe5 Bc5 17. exf6 Bxd4+ 18. Kh1 Bxf6 19. Bxf6 Nxf6 20. Rf1 Rfd8 21. Qe1 Qc6 22. Rf3 Kh8 23. Rg3 Rg8 24. Qe2 Rcd8 25. Rf1 Qb6 26. Rf4 Qd6 27. Rh4 Qd2 28. Qxd2 Rxd2 29. Rf4 Rgd8 30. h4 R2d4 31. Rxd4 Rxd4 32. Ne2 Rxh4+ 33. Kg1 Rg4 34. Rf3 Bxf3 0-1

[Event "GER Pfingstopen U25"]
[Site "Playchess.com INT"]
[Date "2020.06.02"]
[Round "11"]
[White "Popovici, Daniel"]
[Black "Gauchel, Verena"]
[Result "1-0"]
[WhiteElo "1616"]
[BlackElo "1674"]
[PlyCount "197"]
[EventDate "2020.06.02"]
[EventType "swiss (blitz)"]
[EventRounds "11"]
[EventCountry "GER"]
[SourceTitle "CBM 197 Extra"]
[Source "ChessBase"]
[SourceDate "2020.09.30"]
[SourceVersion "1"]
[SourceVersionDate "2020.09.30"]
[SourceQuality "1"]

1. b4 Nf6 2. Bb2 g6 3. Nf3 Bg7 4. Nc3 0-0 5. e3 Nc6 6. a3 d6 7. d4 Bf5 8. Ne2 a6 9. c4 Na7 10. Nc3 Rc8 11. Be2 c5 12. bxc5 dxc5 13. d5 Nd7 14. 0-0 b5 15. e4 Bg4 16. cxb5 axb5 17. Qc2 b4 18. Nd1 bxa3 19. Bxg7 Kxg7 20. Rxa3 Bxf3 21. Bxf3 Nb5 22. Ra1 Nd4 23. Qc3 Nf6 24. Nb2 Qb6 25. Nc4 Qb4 26. Qxb4 Nxf3+ 27. gxf3 cxb4 28. Ne5 b3 29. Rab1 Rc3 30. Nc6 Ng8 31. Nd4 Rb8 32. Rb2 Rd3 33. Nc6 Rb6 34. Kg2 f6 35. Rfb1 Kf7 36. Nd8+ Ke8 37. Ne6 f5 38. Nc5 Rc3 39. Nxb3 fxe4 40. fxe4 Rc4 41. Nd2 Rxb2 42. Rxb2 Rd4 43. Kf3 Nf6 44. Ke3 Ra4 45. f3 Kf7 46. Rc2 Ra3+ 47. Kf2 Nd7 48. Nc4 Ra4 49. Ne3 Ra3 50. Ng4 h5 51. Ne3 Ne5 52. Rc7 Kf6 53. Rc8 Ra2+ 54. Rc2 Ra8 55. Nc4 Rc8 56. Ne3 Rd8 57. Rc7 Nd3+ 58. Ke2 Nf4+ 59. Kd2 Nh3 60. Rc6+ Kf7 61. Nc4 g5 62. Ne5+ Kf8 63. Rh6 Nf4 64. Rh8+ Kg7 65. Rxd8 Kf6 66. Nc6 g4 67. fxg4 hxg4 68. Nd4 Kg5 69. Ne2 Ng6 70. Ng3 Kf6 71. Ra8 Ne5 72. Ra6+ Kf7 73. Nf5 Nd7 74. Ra7 Ke8 75. d6 exd6 76. Nxd6+ Kd8 77. Nf7+ Ke8 78. Nh6 Nf6 79. e5 Ne4+ 80. Ke3 Nc3 81. Nxg4 Nd5+ 82. Kf3 Nb4 83. h4 Nc6 84. Nf6+ Kf8 85. Rc7 Nxe5+ 86. Ke4 Ng6 87. h5 Ne7 88. Kf4 Kf7 89. Nd5 Ke6 90. Rxe7+ Kxd5 91. Rg7 Kd4 92. h6 Kd5 93. h7 Kd4 94. h8Q Kd5 95. Qe8 Kd4 96. Rd7+ Kc5 97. Qc8+ Kb6 98. Rb7+ Ka6 99. Qa8# 1-0